[Event "Vezerkepzo GM Christmas 2021"]
[Site "Budapest"]
[Date "2022.01.02"]
[Round "7.1"]
[White "Nagy, Gabor"]
[Black "Avinash Ramesh"]
[Result "1/2-1/2"]
[WhiteElo "2527"]
[BlackElo "2391"]
[Annotator "TA"]
[PlyCount "120"]
[EventDate "2021.12.26"]
[EventCountry "HUN"]
[SourceTitle "playchess.com"]
[Source "ChessBase"]
[SourceQuality "1"]

{[%evp 15,120,23,32,15,9,17,10,-18,-12,-34,44,18,24,37,50,22,65,10,28,33,62,24,31,0,63,0,33,32,34,28,30,28,21,9,46,33,71,71,71,71,71,72,74,60,51,66,120,120,120,120,120,120,120,120,120,104,120,120,120,120,120,119,120,119,119,119,129,125,146,147,147,120,147,147,149,120,132,120,127,0,0,0,0,0,0,0,0,0,0,0,0,0,0,0,0,0,0,0,0,-28000,-28000,-28000,-28000,-28000,-28000,-28000,-28000]} 1. c4 Nf6 2. g3 c6 3. Bg2 d5 4. Nf3 g6 5. b3 Bg7 6. Bb2 O-O 7. O-O a5 8. d3 {8.Nc3 is the hot move.} a4 9. Qc1 {[#] A11: English Opening: 1...c6.} Re8 $146 ({Predecessor:} 9... Bg4 10. Nc3 dxc4 11. bxc4 Qa5 12. Rb1 a3 13. Ba1 Ra7 14. Rb3 Nfd7 15. Ne4 Bxa1 16. Qxa1 Bxf3 17. Bxf3 {1-0 (40) Praznik,N (2294)-Supancic,D (2370) Ljubljana 2012}) 10. Nc3 axb3 11. axb3 {The position is equal.} Rxa1 12. Qxa1 Na6 ({Better is} 12... d4 $1 $15 13. Nb1 (13. Ne4 Nxe4 14. dxe4 e5 $11) 13... e5) 13. cxd5 cxd5 14. Na4 Bd7 15. Ne5 Bxa4 (15... Be6 $11) 16. Qxa4 (16. bxa4 $14 Nc5 17. Qa3) 16... Qd6 17. Rc1 {[%cal Oe5g6]} Rd8 18. Qa5 {[%cal Ob2a3] Ba3! is the strong threat.} e6 19. e4 {[%cal Oe5f7]} Qb8 ({Black should play} 19... Ra8 $11) 20. h3 {White is much more active.} (20. b4 $14) 20... Nd7 (20... dxe4 {feels hotter.} 21. dxe4 Nd7 22. Nxd7 Rxd7 23. e5 Bf8) 21. Nxd7 Rxd7 22. Bxg7 Kxg7 23. exd5 exd5 24. b4 ({Avoid the trap} 24. Bxd5 $2 Qe5 25. Kf1 Rxd5 $19) 24... Nc7 25. b5 Qd8 {[#]} 26. Rc5 $1 Ne6 {[%csl LRa5,LRc5]} 27. Qxd8 Rxd8 28. Rxd5 $16 {[%mdl 4096] Endgame KRB-KRN} Kf6 29. f4 Rc8 30. Rd7 {aiming for Bd5.} Rc7 ({Black should try} 30... Nc5 $14 31. Rd4 (31. Bxb7 Rb8 $11) 31... Ra8) 31. Rxc7 Nxc7 {KB-KN} 32. b6 Na8 33. Kf2 Nxb6 34. Bxb7 Ke6 35. Ke3 Kd6 36. g4 h6 37. h4 Nd7 38. Be4 Nb6 39. g5 hxg5 40. fxg5 Nc8 41. Kf4 Ke7 42. Ke5 Nd6 43. Bf3 Nc8 44. Bd5 Nd6 45. Kf4 Nc8 46. Kg4 Nd6 47. h5 (47. Bc4 $16) 47... gxh5+ $11 48. Kxh5 Nf5 49. Be4 Nd6 50. Kh6 Kf8 51. Kh7 Ne8 52. Bd5 Nd6 53. Be4 Ne8 54. d4 Nd6 55. Bd3 Ne8 56. Bc4 Nd6 57. Bxf7 $2 {[%mdl 8192] [#]} Nxf7 {Mate.} 58. g6 Ng5+ 59. Kh8 Nf7+ 60. gxf7 Kxf7 {[%mdl 32768] What a bad dream for White.  Weighted Error Value: White=0.28 (precise) /Black=0.14 (very precise) . An unexpected result.} 1/2-1/2

[Event "Vezerkepzo GM Christmas 2021"]
[Site "Budapest"]
[Date "2022.01.02"]
[Round "7.2"]
[White "Kojima, Shinya"]
[Black "Sahithi Varshini M"]
[Result "1-0"]
[WhiteElo "2392"]
[BlackElo "2216"]
[Annotator "ChessBase"]
[PlyCount "79"]
[EventDate "2021.12.26"]
[EventCountry "HUN"]
[SourceTitle "playchess.com"]
[Source "ChessBase"]
[SourceQuality "1"]
[TimeControl "40/5400+30:1800+30"]

1. d4 {[%emt 0:00:05]} Nf6 {[%emt 0:00:14]} 2. c4 {[%emt 0:00:06]} e6 {[%emt 0:00:10]} 3. Nc3 {[%emt 0:00:06]} Bb4 {[%emt 0:00:08]} 4. Bd2 {[%emt 0:00:08]} O-O {[%emt 0:01:05]} 5. Nf3 {[%emt 0:00:09]} d5 {[%emt 0:00:14]} 6. e3 {[%emt 0:00:11]} Nbd7 {[%emt 0:02:38]} 7. Rc1 {[%emt 0:00:17]} Re8 {[%emt 0:01:38]} 8. Qc2 {[%emt 0:02:22]} c6 {[%emt 0:03:51]} 9. Be2 {[%emt 0:04:35]} h6 {[%emt 0:03:07]} 10. O-O {[%emt 0:00:56]} Bd6 {[%emt 0:07:07]} 11. Rfd1 {[%emt 0:07:16]} Qe7 {[%emt 0:14:30]} 12. h3 {[%emt 0:03:41]} dxc4 {[%emt 0:02:02]} 13. Bxc4 {[%emt 0:00:28]} e5 {[%emt 0:00:20]} 14. Nh4 {[%emt 0:02:39]} Nb6 {[%emt 0:16:13]} 15. Ng6 {[%emt 0:03:24]} Qc7 {[%emt 0:00:01]} 16. Nxe5 {[%emt 0:08:53]} Nxc4 {[%emt 0:09:56]} 17. Nxc4 {[%emt 0:00:20]} Bh2+ {[%emt 0:00:03]} 18. Kh1 {[%emt 0:02:10]} b5 {[%emt 0:00:44]} 19. Na5 {[%emt 0:02:44]} b4 {[%emt 0:21:04]} 20. Na4 {[%emt 0:05:16]} Ne4 {[%emt 0:07:49]} 21. Bxb4 {[%emt 0:05:15]} Bf5 {[%emt 0:00:30]} 22. Qe2 {[%emt 0:02:55]} Bg3 {[%emt 0:03:20]} 23. Rxc6 {[%emt 0:16:22]} Bxf2 {[%emt 0:00:08]} 24. Rxc7 {[%emt 0:02:05]} Ng3+ {[%emt 0:00:01]} 25. Kh2 {[%emt 0:00:09]} Nxe2 {[%emt 0:00:03]} 26. Bd6 {[%emt 0:03:59]} Rad8 {[%emt 0:01:36]} 27. Rf1 {[%emt 0:12:45]} Bxe3 {[%emt 0:01:38]} 28. Nb7 {[%emt 0:03:39]} Bd3 {[%emt 0:02:54]} 29. Rfxf7 {[%emt 0:01:50]} Bxd4 {[%emt 0:00:37]} 30. Nxd8 {[%emt 0:01:28]} Rxd8 {[%emt 0:00:02]} 31. Rfd7 {[%emt 0:01:46]} Ra8 {[%emt 0:00:07]} 32. Nc3 {[%emt 0:01:48]} Nxc3 {[%emt 0:01:32]} 33. bxc3 {[%emt 0:00:02]} Bf6 {[%emt 0:00:01]} 34. Rxa7 {[%emt 0:01:28]} Re8 {[%emt 0:00:08]} 35. Be7 {[%emt 0:04:12]} Be5+ {[%emt 0:00:04]} 36. Kh1 {[%emt 0:00:42]} Be4 {[%emt 0:00:44]} 37. Rd8 {[%emt 0:00:46]} Rxd8 {[%emt 0:00:01]} 38. Bxd8 {[%emt 0:00:07]} Bxc3 {[%emt 0:00:05]} 39. Bb6 {[%emt 0:00:49]} Kh7 {[%emt 0:00:25]} 40. a4 {[%emt 0:00:38]} 1-0

[Event "Vezerkepzo GM Christmas 2021"]
[Site "Budapest"]
[Date "2022.01.02"]
[Round "7.3"]
[White "Aditya Vikram Paul"]
[Black "Mihok, Oliver"]
[Result "0-1"]
[WhiteElo "2281"]
[BlackElo "2536"]
[Annotator "ChessBase"]
[PlyCount "102"]
[EventDate "2021.12.26"]
[EventCountry "HUN"]
[SourceTitle "playchess.com"]
[Source "ChessBase"]
[SourceQuality "1"]
[TimeControl "40/5400+30:1800+30"]

1. d4 {[%emt 0:00:05]} g6 {[%emt 0:00:13]} 2. c4 {[%emt 0:00:04]} Bg7 {[%emt 0:00:04]} 3. g3 {[%emt 0:00:03]} c5 {[%emt 0:00:06]} 4. dxc5 {[%emt 0:01:41]} Qc7 {[%emt 0:02:06]} 5. Bg2 {[%emt 0:00:17]} Qxc5 {[%emt 0:01:23]} 6. Nd2 {[%emt 0:00:07]} Nc6 {[%emt 0:06:22]} 7. Ngf3 {[%emt 0:01:05]} Nf6 {[%emt 0:02:09]} 8. O-O {[%emt 0:02:18]} O-O {[%emt 0:00:14]} 9. Ne1 {[%emt 0:03:19]} d6 {[%emt 0:06:23]} 10. Nd3 {[%emt 0:00:16]} Qd4 {[%emt 0:02:32]} 11. c5 {[%emt 0:06:06]} dxc5 {[%emt 0:04:27]} 12. Nb3 {[%emt 0:00:04]} Qg4 {[%emt 0:04:06]} 13. Nbxc5 {[%emt 0:03:53]} Rd8 {[%emt 0:02:32]} 14. Bf4 {[%emt 0:06:23]} Qh5 {[%emt 0:06:47]} 15. Bc7 {[%emt 0:03:09]} Re8 {[%emt 0:01:31]} 16. Rc1 {[%emt 0:02:35]} e5 {[%emt 0:05:50]} 17. Rc4 {[%emt 0:09:31]} Nd4 {[%emt 0:13:44]} 18. Re1 {[%emt 0:12:05]} Bg4 {[%emt 0:09:26]} 19. f3 {[%emt 0:02:17]} Bh6 {[%emt 0:08:06]} 20. Nf2 {[%emt 0:18:18]} Be3 {[%emt 0:03:06]} 21. Rc3 {[%emt 0:01:51]} Qh6 {[%emt 0:02:34]} 22. Qd3 {[%emt 0:04:22]} Bf5 {[%emt 0:06:33]} 23. Qxe3 {[%emt 0:05:00]} Qxe3 {[%emt 0:00:06]} 24. Rxe3 {[%emt 0:00:03]} Nc2 {[%emt 0:00:13]} 25. Rxe5 {[%emt 0:01:23]} Nxe1 {[%emt 0:00:19]} 26. Nxb7 {[%emt 0:00:22]} Rac8 {[%emt 0:03:40]} 27. Rxe8+ {[%emt 0:02:35]} Nxe8 {[%emt 0:00:04]} 28. Be5 {[%emt 0:00:24]} Rc1 {[%emt 0:02:19]} 29. Bf1 {[%emt 0:00:35]} Bc8 {[%emt 0:00:33]} 30. Na5 {[%emt 0:02:30]} Nxf3+ {[%emt 0:00:30]} 31. exf3 {[%emt 0:00:06]} Ba6 {[%emt 0:00:02]} 32. Ne4 {[%emt 0:00:39]} Rxf1+ {[%emt 0:01:17]} 33. Kg2 {[%emt 0:00:04]} Re1 {[%emt 0:01:41]} 34. Nc6 {[%emt 0:03:05]} f5 {[%emt 0:02:39]} 35. Bc3 {[%emt 0:01:35]} Re2+ {[%emt 0:01:08]} 36. Nf2 {[%emt 0:00:06]} Bb7 {[%emt 0:00:36]} 37. Nxa7 {[%emt 0:01:06]} Nd6 {[%emt 0:00:29]} 38. a4 {[%emt 0:01:51]} g5 {[%emt 0:00:24]} 39. h3 {[%emt 0:02:34]} g4 {[%emt 0:00:22]} 40. hxg4 {[%emt 0:00:06]} fxg4 {[%emt 0:00:05]} 41. Kg1 {[%emt 0:30:22]} Bxf3 {[%emt 0:30:57]} 42. Nb5 {[%emt 0:00:51]} Nxb5 {[%emt 0:02:18]} 43. axb5 {[%emt 0:00:05]} h5 {[%emt 0:01:28]} 44. Nd3 {[%emt 0:00:49]} h4 {[%emt 0:00:00]} 45. gxh4 {[%emt 0:00:00]} g3 {[%emt 0:00:00]} 46. Ne5 {[%emt 0:00:00]} Bd5 {[%emt 0:00:00]} 47. Ng4 {[%emt 0:00:00]} Kf7 {[%emt 0:00:00]} 48. Ne5+ {[%emt 0:00:00]} Ke6 {[%emt 0:00:00]} 49. Ng6 {[%emt 0:00:00]} Kf5 {[%emt 0:00:00]} 50. h5 {[%emt 0:00:00]} Kg5 {[%emt 0:00:00]} 51. b6 {[%emt 0:00:00]} Rh2 {[%emt 0:00:00]} 0-1

[Event "Vezerkepzo GM Christmas 2021"]
[Site "Budapest"]
[Date "2022.01.02"]
[Round "7.4"]
[White "Leszko, Bence"]
[Black "Trost, Edvin"]
[Result "0-1"]
[WhiteElo "2253"]
[BlackElo "2271"]
[Annotator "ChessBase"]
[PlyCount "104"]
[EventDate "2021.12.26"]
[EventCountry "HUN"]
[SourceTitle "playchess.com"]
[Source "ChessBase"]
[SourceQuality "1"]
[TimeControl "40/5400+30:1800+30"]

1. d4 {[%emt 0:01:38]} Nf6 {[%emt 0:00:36]} 2. Bf4 {[%emt 0:00:07]} g6 {[%emt 0:02:36]} 3. e3 {[%emt 0:00:34]} Bg7 {[%emt 0:00:06]} 4. Nc3 {[%emt 0:00:19]} d5 {[%emt 0:05:32]} 5. Nb5 {[%emt 0:00:01]} Na6 {[%emt 0:01:36]} 6. h4 {[%emt 0:00:01]} h5 {[%emt 0:02:21]} 7. Nc3 {[%emt 0:07:07]} Nb8 {[%emt 0:00:37]} 8. Nb5 {[%emt 0:00:16]} Na6 {[%emt 0:00:21]} 9. Nh3 {[%emt 0:00:52]} c6 {[%emt 0:09:42]} 10. Nc3 {[%emt 0:00:11]} Nc7 {[%emt 0:00:17]} 11. Be5 {[%emt 0:02:57]} O-O {[%emt 0:04:33]} 12. f3 {[%emt 0:00:18]} Bxh3 {[%emt 0:07:41]} 13. Rxh3 {[%emt 0:00:17]} Nd7 {[%emt 0:01:11]} 14. Bxg7 {[%emt 0:00:39]} Kxg7 {[%emt 0:00:05]} 15. Qd2 {[%emt 0:02:56]} e5 {[%emt 0:01:48]} 16. O-O-O {[%emt 0:03:55]} exd4 {[%emt 0:11:31]} 17. Qxd4+ {[%emt 0:01:22]} Qf6 {[%emt 0:00:28]} 18. Qb4 {[%emt 0:01:07]} b5 {[%emt 0:11:26]} 19. e4 {[%emt 0:06:30]} Qf4+ {[%emt 0:03:37]} 20. Kb1 {[%emt 0:00:16]} Nf6 {[%emt 0:01:36]} 21. Qc5 {[%emt 0:06:02]} Rfd8 {[%emt 0:07:40]} 22. g3 {[%emt 0:13:19]} Qxf3 {[%emt 0:02:05]} 23. Be2 {[%emt 0:00:29]} Nxe4 {[%emt 0:01:14]} 24. Qe7 {[%emt 0:02:22]} Qf5 {[%emt 0:02:52]} 25. Nxe4 {[%emt 0:14:43]} Qxe4 {[%emt 0:00:12]} 26. Qxc7 {[%emt 0:00:19]} Qxe2 {[%emt 0:00:04]} 27. Rhh1 {[%emt 0:00:05]} Qe6 {[%emt 0:03:28]} 28. Rhf1 {[%emt 0:00:13]} Rd7 {[%emt 0:00:35]} 29. Qa5 {[%emt 0:00:12]} d4 {[%emt 0:01:33]} 30. Rf4 {[%emt 0:01:19]} Rad8 {[%emt 0:01:26]} 31. a4 {[%emt 0:00:36]} Qc4 {[%emt 0:03:04]} 32. Rdf1 {[%emt 0:02:26]} Re8 {[%emt 0:02:52]} 33. Re1 {[%emt 0:05:10]} Rde7 {[%emt 0:00:26]} 34. Rxe7 {[%emt 0:00:24]} Rxe7 {[%emt 0:00:06]} 35. Qd2 {[%emt 0:01:19]} c5 {[%emt 0:04:41]} 36. b3 {[%emt 0:05:25]} Qd5 {[%emt 0:00:08]} 37. axb5 {[%emt 0:04:12]} Qh1+ {[%emt 0:01:26]} 38. Ka2 {[%emt 0:00:01]} Re1 {[%emt 0:05:38]} 39. b4 {[%emt 0:00:05]} Ra1+ {[%emt 0:02:05]} 40. Kb3 {[%emt 0:00:00]} Qd5+ {[%emt 0:00:40]} 41. c4 {[%emt 0:30:09]} Qh1 {[%emt 0:30:09]} 42. Qc2 {[%emt 0:07:12]} Rb1+ {[%emt 0:00:13]} 43. Ka2 {[%emt 0:00:06]} Rxb4 {[%emt 0:00:04]} 44. g4 {[%emt 0:02:11]} Qxh4 {[%emt 0:01:10]} 45. Qe2 {[%emt 0:01:36]} Qd8 {[%emt 0:00:00]} 46. b6 {[%emt 0:00:00]} axb6 {[%emt 0:00:00]} 47. Qe5+ {[%emt 0:00:00]} f6 {[%emt 0:00:00]} 48. Qe4 {[%emt 0:00:00]} Qd7 {[%emt 0:00:00]} 49. Rf3 {[%emt 0:00:00]} hxg4 {[%emt 0:00:00]} 50. Ra3 {[%emt 0:00:00]} Ra4 {[%emt 0:00:00]} 51. Kb2 {[%emt 0:00:00]} Rxa3 {[%emt 0:00:00]} 52. Qxg4 {[%emt 0:00:00]} Qxg4 {[%emt 0:00:00]} 0-1

[Event "Vezerkepzo GM Christmas 2021"]
[Site "Budapest"]
[Date "2022.01.02"]
[Round "7.5"]
[White "Ajay Krishna, S."]
[Black "Pechac, Jergus"]
[Result "0-1"]
[WhiteElo "2401"]
[BlackElo "2584"]
[Annotator "TA"]
[PlyCount "68"]
[EventDate "2021.12.26"]
[EventCountry "HUN"]
[SourceTitle "playchess.com"]
[Source "ChessBase"]
[SourceQuality "1"]

{[%evp 9,68,0,31,7,25,1,8,6,0,0,24,-28,-21,-30,-22,-14,0,0,0,0,0,0,0,-61,-34,-81,-80,-79,-89,-134,-122,-137,-146,-121,-108,-148,-149,-132,-108,-95,-125,-162,-142,-144,-113,-224,-198,-512,-539,-530,-525,-507,-373,-625,-618,-733,-713,-1129,-1121,-29998,-29999]} 1. d4 d5 2. c4 c6 3. Nf3 Nf6 4. g3 dxc4 5. Bg2 g6 6. a4 {[%mdl 1024] White has compensation. D11: Slav Defence: 3 Nf3 sidelines and 3...Nf6 4 e3 Bg4.} Bg7 {[%cal Oc6c5]} 7. O-O {7.0-0 is better than 7.Na3.} Ne4 8. Qc2 {The position is equal.} Nd6 9. Nbd2 b5 {[#]} 10. axb5 $146 ({White should play} 10. Ne5) ({Predecessor:} 10. e4 Na6 11. b3 Nb4 12. Qc3 a5 13. bxc4 bxc4 14. e5 Nd5 15. Qc2 Bf5 16. Qd1 {0-1 (22) Ivanova,K (2114)-Berzinsh,R (2397) Skopje 2019}) 10... cxb5 $11 11. b3 cxb3 12. Qxb3 Bb7 13. e4 {[%cal Be2e4,Be4e5][%mdl 32] Hoping for e5.} O-O 14. e5 Nf5 15. Qxb5 Bd5 16. Qc5 (16. Qa4 $11) 16... Qd7 $1 $15 17. Bb2 {[#]} (17. Ra5 $15 e6 18. g4) 17... Rc8 $1 $17 {[%cal Bf8c8,Bc8c6,Bc6c3][%mdl 32]} 18. Qa3 Nc6 19. Nb3 (19. Qa4 $142) 19... Qd8 20. Na5 Rab8 21. Nxc6 Rxc6 22. g4 Nh6 {And now ...Rb3 would win. Black is more active.} 23. Qa5 Qxa5 (23... Nxg4 $6 24. Qxd8+ Rxd8 25. Rxa7 $11) 24. Rxa5 {[#]} Bc4 ({Of course not} 24... Rxb2 $6 25. Rxd5 Nxg4 26. Rd8+ Bf8 27. Ng5 $11 (27. h3 Nh6 $11)) 25. Ba3 Bxf1 ({But not} 25... Nxg4 26. Rc1 $14) 26. Bxf1 Rc3 27. Kg2 (27. Ng5 $17) 27... Nxg4 28. Bxe7 $2 (28. Be2) 28... Rb2 $19 29. Kg3 {[#]} Nxh2 $1 {[%mdl 512]} 30. Kxh2 {Threatens to win with Kg2.} Rxf3 31. Rxa7 $2 (31. Bh4 Rf4 32. Bg3 Rxd4 33. Rxa7) 31... Rfxf2+ 32. Kg3 {Black must now prevent Ra8+.} h5 ({Not} 32... Rxf1 33. Ra8+ Bf8 34. Bxf8 Rg1+ 35. Kf3 $11) (32... Bxe5+ 33. dxe5 Kg7 34. Bc4 $14) 33. Bc4 Bh6 {( -> ...Bf4+)} 34. Kh3 Rf3+ {Weighted Error Value: White=0.80/Black=0.09 (flawless)} 0-1

[Event "Vezerkepzo GM Christmas 2021"]
[Site "Budapest"]
[Date "2022.01.03"]
[Round "8.1"]
[White "Avinash Ramesh"]
[Black "Pechac, Jergus"]
[Result "0-1"]
[WhiteElo "2391"]
[BlackElo "2584"]
[Annotator "TA"]
[PlyCount "62"]
[EventDate "2021.12.26"]
[EventCountry "HUN"]
[SourceTitle "playchess.com"]
[Source "ChessBase"]
[SourceQuality "1"]

{[%evp 13,62,8,18,0,15,14,38,22,32,-1,-7,0,15,0,0,0,0,0,29,-20,7,-28,-5,-35,-38,-53,-54,-47,-58,-69,-62,-64,-35,-201,-212,-206,-220,-291,-292,-287,-281,-346,-357,-504,-500,-757,-722,-864,-866,-1038,-860]} 1. e4 e5 2. Nf3 Nc6 3. Bc4 Bc5 4. c3 Nf6 5. d3 a6 6. a4 d6 7. O-O O-O 8. h3 {C54: Giuoco Piano: 4 c3 Nf6, main lines with 5 d4 and 5 d3.} h6 (8... Ba7 {is more complex.} 9. b4 h6 10. Re1 Ne7 11. Nbd2 Ng6) 9. Re1 Be6 10. Bxe6 {White is slightly better.} fxe6 11. d4 Ba7 12. Be3 {[#]} d5 $146 ({Predecessor:} 12... Qe8 13. dxe5 dxe5 14. Bxa7 Rxa7 15. Nbd2 Nh5 16. Nc4 Qf7 17. Qd2 Qf6 18. Qe3 Raa8 {1-0 (41) Sebastian,D (2445)-Colbow,C (1965) Lueneburg 2017}) 13. dxe5 Nxe4 14. Bxa7 Nxa7 15. Nbd2 Ng5 16. Re3 (16. Nh2 $142) 16... c5 17. Qe2 Nc6 18. Re1 Rf4 19. Nxg5 Qxg5 20. Rg3 Qf5 21. Rf3 Rf8 {[%cal Ba8f8,Bf8f4,Bf4a4,Ba4a2][%mdl 32]} 22. Qe3 b6 {Black is more active.} 23. Qe2 $2 {[#] White does not recover from this.} (23. b4 $15) 23... Qc2 $1 $19 24. Rxf4 Rxf4 25. Nf3 Qxe2 ({Weaker is} 25... Qxa4 26. b3 Qb5 27. Qc2 $17) 26. Rxe2 Rxa4 {KRN-KRN} 27. g4 a5 {[%cal Ba6a5,Ba5a4][%mdl 32] White must now prevent ...Ra2.} 28. Kg2 (28. Ne1 $142) 28... Ra2 {Black is clearly winning.} 29. Kg3 (29. Kf1 $142 a4 30. Ke1) 29... a4 {[#] Strongly threatening ...a3.} 30. Rd2 Na5 {aiming for ...Nb3.} 31. h4 Nc4 {Weighted Error Value: White=0.59/Black=0.06 (flawless)} 0-1

[Event "Vezerkepzo GM Christmas 2021"]
[Site "Budapest"]
[Date "2022.01.03"]
[Round "8.2"]
[White "Trost, Edvin"]
[Black "Ajay Krishna, S."]
[Result "0-1"]
[WhiteElo "2271"]
[BlackElo "2401"]
[Annotator "ChessBase"]
[PlyCount "74"]
[EventDate "2021.12.26"]
[EventCountry "HUN"]
[SourceTitle "playchess.com"]
[Source "ChessBase"]
[SourceQuality "1"]
[TimeControl "40/5400+30:1800+30"]

1. d4 {[%emt 0:00:21]} d5 {[%emt 0:00:08]} 2. c4 {[%emt 0:00:31]} e6 {[%emt 0:00:05]} 3. Nf3 {[%emt 0:00:17]} Nf6 {[%emt 0:00:07]} 4. Nc3 {[%emt 0:00:29]} Bb4 {[%emt 0:00:06]} 5. Bg5 {[%emt 0:00:16]} dxc4 {[%emt 0:00:50]} 6. Qa4+ {[%emt 0:07:36]} Nc6 {[%emt 0:01:03]} 7. e3 {[%emt 0:00:35]} Bd7 {[%emt 0:00:58]} 8. Qc2 {[%emt 0:09:58]} b5 {[%emt 0:01:23]} 9. a4 {[%emt 0:00:12]} a6 {[%emt 0:00:34]} 10. Bxf6 {[%emt 0:01:42]} gxf6 {[%emt 0:00:26]} 11. g3 {[%emt 0:00:37]} Ba5 {[%emt 0:03:20]} 12. Qd2 {[%emt 0:11:55]} b4 {[%emt 0:08:10]} 13. Nd1 {[%emt 0:01:50]} b3 {[%emt 0:09:44]} 14. Nc3 {[%emt 0:00:06]} Nb4 {[%emt 0:00:11]} 15. Bxc4 {[%emt 0:02:23]} Nc2+ {[%emt 0:02:05]} 16. Ke2 {[%emt 0:00:05]} Nxa1 {[%emt 0:00:44]} 17. Rxa1 {[%emt 0:00:04]} Rb8 {[%emt 0:03:45]} 18. Ra3 {[%emt 0:01:10]} Bb4 {[%emt 0:03:38]} 19. Ra1 {[%emt 0:01:30]} O-O {[%emt 0:11:29]} 20. Bxb3 {[%emt 0:02:25]} c5 {[%emt 0:05:25]} 21. Qd3 {[%emt 0:04:13]} Bc6 {[%emt 0:04:38]} 22. Bc2 {[%emt 0:03:35]} Bxf3+ {[%emt 0:00:36]} 23. Kxf3 {[%emt 0:00:06]} f5 {[%emt 0:00:10]} 24. Kg2 {[%emt 0:08:04]} Ba5 {[%emt 0:10:07]} 25. dxc5 {[%emt 0:12:36]} Rxb2 {[%emt 0:03:35]} 26. Ne2 {[%emt 0:15:24]} Qc8 {[%emt 0:05:07]} 27. Qc4 {[%emt 0:02:23]} Rb4 {[%emt 0:03:24]} 28. Qc3 {[%emt 0:01:13]} Rxa4 {[%emt 0:03:01]} 29. Qb2 {[%emt 0:06:34]} Rxa1 {[%emt 0:00:30]} 30. Qxa1 {[%emt 0:00:07]} Qxc5 {[%emt 0:00:26]} 31. Bb3 {[%emt 0:00:31]} Rb8 {[%emt 0:00:45]} 32. Qa2 {[%emt 0:03:48]} Qc6+ {[%emt 0:02:43]} 33. Kh3 {[%emt 0:00:48]} Bd8 {[%emt 0:02:29]} 34. Nd4 {[%emt 0:01:38]} Qb6 {[%emt 0:01:55]} 35. Bc4 {[%emt 0:02:17]} a5 {[%emt 0:00:31]} 36. Ne2 {[%emt 0:00:40]} Qb1 {[%emt 0:01:12]} 37. e4 {[%emt 0:00:13]} fxe4 {[%emt 0:00:00]} 0-1

[Event "Vezerkepzo GM Christmas 2021"]
[Site "Budapest"]
[Date "2022.01.03"]
[Round "8.3"]
[White "Mihok, Oliver"]
[Black "Leszko, Bence"]
[Result "1-0"]
[WhiteElo "2536"]
[BlackElo "2253"]
[Annotator "TA"]
[PlyCount "105"]
[EventDate "2021.12.26"]
[EventCountry "HUN"]
[SourceTitle "playchess.com"]
[Source "ChessBase"]
[SourceQuality "1"]

{[%evp 29,105,60,39,36,29,29,29,33,200,196,216,189,172,135,141,93,89,99,93,77,179,125,152,159,160,160,166,173,252,247,262,248,429,271,279,277,288,281,325,343,405,413,431,420,423,420,430,425,586,581,589,575,585,580,577,560,711,817,806,793,771,732,826,793,826,736,824,789,735,645,810,795,6725,2679,12843,12843,12844,12843]} 1. e4 c5 2. Nf3 d6 3. d4 cxd4 4. Nxd4 Nf6 5. Nc3 g6 6. Be3 Bg7 7. f3 O-O 8. Qd2 Nc6 9. O-O-O d5 10. exd5 Nxd5 11. Nxc6 bxc6 12. Bd4 Nxc3 13. Qxc3 Bh6+ 14. Be3 Bxe3+ 15. Qxe3 Qb6 16. Qc3 {B76: Sicilian Dragon: Yugoslav Attack, 9 g4 and 9 0-0-0.} Be6 17. h4 Rfd8 (17... Bxa2 $2 18. b3 $18) 18. Re1 {[#] White has an edge.} Rd5 $146 (18... Qd4 $14) ({Predecessor:} 18... Qd4 19. Qxd4 Rxd4 20. Re5 a5 21. a3 Rd5 22. Re4 Rc5 23. Bd3 h5 24. Rd4 Rd5 25. Ra4 Kg7 {½-½ (42) Engelhard,C (2295)-Nicolaescu,N (2193) ICCF email 2019}) 19. Bc4 $18 h5 20. Bxd5 cxd5 21. g4 Rc8 22. Qd2 (22. Qe5 $142 d4 23. Rh2) 22... hxg4 $16 23. fxg4 Bxg4 24. Qxd5 {[%cal Oh4h5] Strongly threatening h5!} ({Reject} 24. Rxe7 $6 Bf5 25. Qxd5 Rxc2+ 26. Kd1 Qf6 $11) 24... e6 (24... Be6 $16 25. Rxe6 Qxe6 26. Qxe6 fxe6) 25. Qb3 ({Worse is} 25. Qe4 Bf5 26. Qe2 Qa5 $17) (25. Qe5 $18) 25... Qf2 {To avoid Rh2} 26. Ref1 ({Don't do} 26. Kb1 Bf5 27. Rc1 Be4 $16) 26... Qg2 27. Rhg1 Qe2 28. Kb1 {[%cal Of1f7] [#] Threatens to win with Rxf7!} Qe4 (28... Bf5 $142 29. Rxf5 exf5) 29. Re1 $18 Qf4 30. Qg3 Qd2 (30... Qxg3 31. Rxg3 Bf5) 31. Qg2 Qxg2 32. Rxg2 {[%mdl 4096] Endgame KRR-KRB} Bf5 33. b3 Rc3 34. h5 Rh3 35. hxg6 fxg6 36. Kb2 Kf7 37. c4 {[%cal Bc2c4,Bc4c5,Bc5c6][%mdl 32]} Kf6 38. c5 {White is clearly winning.} e5 39. c6 Rh7 40. Rc1 Rc7 41. b4 {[%cal Bb3b4,Bb4b5][%mdl 32]} e4 42. b5 Ke5 43. Rc3 Rc8 44. Rd2 Kf4 45. Rf2+ Ke5 46. a4 Kd6 47. Ka3 Re8 48. Kb4 Kc7 49. Rd2 Bg4 50. Re3 Re7 51. Kc5 Bf3 52. a5 {[#] White wants to mate with b6+.} Re5+ 53. Rd5 {Weighted Error Value: White=0.19 (very precise) /Black=0.44} 1-0